000
00312nam a2200145Ia 4500
100
_a
Rao/P.V.S
942
_c
BK
654
_a
Programming
245
_a
Computer Programming Fortran
260
_b
Tata McGraw Hill
_a
NEW DELHI
_c
1984
082
_a
1.6
_b
Rao
300
_a
304
546
_a
ENGLISH
999
_c
34480
_d
34480